| 000 | 00746nam a22002417a 4500 | ||
|---|---|---|---|
| 003 | BUBTL | ||
| 008 | 171022b xxu||||| |||| 00| 0 eng d | ||
| 020 | _a9788120335448 | ||
| 041 | _aEnglish | ||
| 082 | _a658.3124/ B5922e/ 2007 | ||
| 100 |
_aBlanchard, Nick P. _95408 |
||
| 245 |
_aEffective Training/ _bSystems, Strategies, and Practices: _cP. Nick Blanchard, James W. Thacker |
||
| 250 | _a3rd | ||
| 260 |
_aNew Delhi _bPrentice Hall _cc2007 |
||
| 300 |
_a[xvii], 486p. : _bill, Table, Graph ; 22cm. _c |
||
| 500 | _aIncludes Index. | ||
| 526 | _aBBA, MBA | ||
| 650 | 0 |
_939 _aMarketing |
|
| 700 |
_aP. Nick Blanchard, James W. Thacker _95409 |
||
| 856 |
_k0 _l0 _yDownload |
||
| 942 |
_2ddc _cBK |
||
| 999 |
_c5522 _d5522 |
||